<?xml version="1.0" encoding="UTF-8"?>
<collection xmlns="http://www.loc.gov/MARC21/slim">
 <record>
  <leader>01046pam a22002298a 4500</leader>
  <controlfield tag="001">00020891</controlfield>
  <controlfield tag="005">20171026081022.0</controlfield>
  <controlfield tag="008">110520s1988                  ||||||Viesd</controlfield>
  <datafield tag="041" ind1="0" ind2="#">
   <subfield code="a">Vie</subfield>
  </datafield>
  <datafield tag="082" ind1="1" ind2="4">
   <subfield code="a">530.13</subfield>
   <subfield code="b">V124L</subfield>
  </datafield>
  <datafield tag="100" ind1="0" ind2="#">
   <subfield code="a">Vũ Thanh Khiết</subfield>
  </datafield>
  <datafield tag="245" ind1="0" ind2="0">
   <subfield code="a">Vật lý thống kê</subfield>
   <subfield code="b">Đã được hội đồng thẩm định sách của bộ giáo dục giới thiệu là sách dùng chung cho các trường đại học sư phạm</subfield>
   <subfield code="c">Vũ Thanh Khiết</subfield>
  </datafield>
  <datafield tag="260" ind1="#" ind2="#">
   <subfield code="a">H.</subfield>
   <subfield code="b">Giáo dục</subfield>
   <subfield code="c">1988</subfield>
  </datafield>
  <datafield tag="300" ind1="#" ind2="#">
   <subfield code="c">21 cm.</subfield>
   <subfield code="a">286 tr.</subfield>
  </datafield>
  <datafield tag="650" ind1="#" ind2="4">
   <subfield code="a">Giáo trình</subfield>
  </datafield>
  <datafield tag="650" ind1="#" ind2="4">
   <subfield code="a">Vật lý thống kê</subfield>
  </datafield>
  <datafield tag="852" ind1="#" ind2="#">
   <subfield code="b">Kho giáo trình</subfield>
   <subfield code="j">KGT.0004932, KGT.0004933, KGT.0004934, KGT.0004935, KGT.0004936, KGT.0038657</subfield>
  </datafield>
  <datafield tag="852" ind1="#" ind2="#">
   <subfield code="b">Kho mượn</subfield>
   <subfield code="j">KGT.0004932</subfield>
  </datafield>
  <datafield tag="852" ind1="#" ind2="#">
   <subfield code="b">Kho đọc</subfield>
   <subfield code="j">KD.0006772</subfield>
  </datafield>
  <datafield tag="852" ind1="#" ind2="#">
   <subfield code="j">KD.0006772</subfield>
   <subfield code="j">KGT.0004932</subfield>
   <subfield code="j">KGT.0004933</subfield>
   <subfield code="j">KGT.0004935</subfield>
   <subfield code="j">KGT.0004936</subfield>
   <subfield code="j">KGT.0004934</subfield>
   <subfield code="j">KGT.0038657</subfield>
  </datafield>
  <datafield tag="910" ind1="0" ind2="#">
   <subfield code="a">kìm</subfield>
   <subfield code="d">20/05/2011</subfield>
  </datafield>
  <datafield tag="980" ind1="#" ind2="#">
   <subfield code="a">Trung tâm Học liệu Lê Vũ Hùng, Trường Đại học Đồng Tháp</subfield>
  </datafield>
 </record>
</collection>
